عرض عادي
عرض مارك
- Krichene, Noureddine.
مدخل إسم شخص
001 - رقم الضبط
- حقل الضبط: 44785
003 - معرف رقم الضبط
- حقل الضبط: OSt
005 - تاريخ ووقت أخر عملية
- حقل الضبط: 20140512141605.0
008 - عناصر بيانات ثابتة الطول
- حقل تحكم ثابت الطول: 140512|||a|||||| | ||| d
040 ## - مصدر الفهرسة
- هيئة الفهرسة الأصلية: OSt
- وكالة الكتابة: OSt
100 ## - مدخل -- أسم شخص
- إسم شخص: Krichene, Noureddine.
670 ## - بيانات المصدر موجوده
- الاستشهاد بالمصدر: Work cat.: (OSt)0: Krichene, Noureddine., Islamic capital markets :, 2013.
